[Event "TUR-chT"]
[Site "Konya"]
[Date "2012.07.19"]
[Round "10"]
[White "Uzun, Sarp"]
[Black "Ipatov, Alexander"]
[Result "0-1"]
[WhiteElo "1966"]
[BlackElo "2581"]
[PlyCount "120"]
[EventDate "2012.07.11"]
[EventType "team-tourn"]
[EventRounds "13"]
[EventCountry "TUR"]
[SourceTitle "CBM 149 Extra"]
[Source "ChessBase"]
[SourceDate "2012.08.24"]
[SourceVersion "1"]
[SourceVersionDate "2012.08.24"]
[SourceQuality "1"]
[WhiteTeam "Tarsus Zeka"]
[BlackTeam "Istanbul Teknik Uni"]
[WhiteTeamCountry "TUR"]
[BlackTeamCountry "TUR"]

1. e4 c5 2. Nf3 Nc6 3. c3 Nf6 4. e5 Nd5 5. d4 cxd4 6. cxd4 d6 7. Bc4 Nb6 8. Bb5 a6 9. Bxc6+ bxc6 10. 0-0 Bg4 11. Nbd2 d5 12. a4 e6 13. a5 Nd7 14. Qa4 Qc7 15. b3 Bf5 16. Ba3 Bd3 17. Bxf8 Rxf8 18. Rfe1 Bb5 19. Qa3 Qd8 20. Rac1 Qe7 21. Qxe7+ Kxe7 22. Rc3 Rac8 23. b4 Rb8 24. Nh4 Rb7 25. f4 Ba4 26. Nhf3 Rxb4 27. Kf2 Rc8 28. Rec1 Rb2 29. Ke3 Ra2 30. Ne1 Bb5 31. Nd3 Rxa5 32. Nb3 Ra2 33. R1c2 Rxc2 34. Rxc2 Nb6 35. Ra2 Rb8 36. Ndc5 Kd8 37. Ra1 Ra8 38. Kd2 Kc7 39. Kc3 Nc4 40. Kb4 Ne3 41. Kc3 Ra7 42. g3 Kb6 43. Na4+ Bxa4 44. Rxa4 a5 45. Nc5 Kc7 46. Ra1 h5 47. Kd3 Nc4 48. Kc3 Nb6 49. Ra2 g6 50. h3 Nd7 51. Nd3 a4 52. Kb4 Rb7+ 53. Kc3 Rb3+ 54. Kc2 Nb6 55. g4 h4 56. Ra1 Nc4 57. Nc5 Na3+ 58. Kd2 Rxh3 59. Nxa4 Rg3 60. Nc5 Nb5 0-1

[Event "TUR-chT"]
[Site "Konya"]
[Date "2011.07.08"]
[Round "12"]
[White "Uzun, Sarp"]
[Black "Baglan, Esat"]
[Result "1/2-1/2"]
[WhiteElo "1967"]
[BlackElo "1807"]
[PlyCount "107"]
[EventDate "2011.06.28"]
[EventType "team-swiss"]
[EventRounds "13"]
[EventCountry "TUR"]
[SourceTitle "CBM 143 Extra"]
[Source "ChessBase"]
[SourceDate "2011.08.29"]
[SourceVersion "1"]
[SourceVersionDate "2011.08.29"]
[SourceQuality "1"]
[WhiteTeam "Tarsus Zeka"]
[BlackTeam "Isek Aquamatch"]
[WhiteTeamCountry "TUR"]
[BlackTeamCountry "TUR"]

1. e4 c5 2. Nf3 Nc6 3. c3 Nf6 4. e5 Nd5 5. d4 cxd4 6. cxd4 e6 7. Nc3 d6 8. exd6 Bxd6 9. Bd3 0-0 10. 0-0 Nxc3 11. bxc3 h6 12. Re1 b6 13. Qe2 Ne7 14. Qe4 f5 15. Qe2 Qc7 16. c4 Rf6 17. Bd2 Bb7 18. h3 Ng6 19. Rac1 Bf4 20. Be3 Bxe3 21. Qxe3 Nf4 22. Bf1 Rg6 23. Kh1 Rf8 24. Rc3 Rff6 25. Qe5 Qxe5 26. Rxe5 Rf8 27. Kh2 Rgf6 28. Re1 Rd8 29. Rd1 Ng6 30. Be2 Rf7 31. Ne1 Rfd7 32. Bf3 Be4 33. Bxe4 fxe4 34. Nc2 Ne5 35. Re1 Nc6 36. Rxe4 Nxd4 37. Nxd4 Rxd4 38. Rxd4 Rxd4 39. Kg3 Rd2 40. a3 Kf7 41. f4 Kf6 42. Kf3 e5 43. g3 exf4 44. Kxf4 g5+ 45. Ke4 Ke6 46. c5 bxc5 47. Rxc5 Rd6 48. Re5+ Kf6 49. Rf5+ Ke6 50. Ra5 a6 51. Re5+ Kf6 52. Rd5 Rb6 53. Ra5 Kg7 54. h4 1/2-1/2

[Event "TUR-chT"]
[Site "Konya"]
[Date "2011.06.28"]
[Round "1"]
[White "Uzun, Sarp"]
[Black "Arat, Ufuk Sezen"]
[Result "1/2-1/2"]
[WhiteElo "1967"]
[BlackElo "2053"]
[PlyCount "113"]
[EventDate "2011.06.28"]
[EventType "team-swiss"]
[EventRounds "13"]
[EventCountry "TUR"]
[SourceTitle "CBM 143 Extra"]
[Source "ChessBase"]
[SourceDate "2011.08.29"]
[SourceVersion "1"]
[SourceVersionDate "2011.08.29"]
[SourceQuality "1"]
[WhiteTeam "Tarsus Zeka"]
[BlackTeam "Yapi Kredi"]
[WhiteTeamCountry "TUR"]
[BlackTeamCountry "TUR"]

1. Nf3 Nf6 2. Ng1 Ng8 3. Nf3 Nf6 4. c4 g6 5. g3 Bg7 6. Bg2 0-0 7. d4 d6 8. 0-0 Nbd7 9. Nc3 e5 10. e4 exd4 11. Nxd4 Re8 12. Re1 a6 13. Rb1 Rb8 14. h3 Ne5 15. b3 c5 16. Nc2 b5 17. cxb5 axb5 18. f4 Ned7 19. Qxd6 Qa5 20. b4 cxb4 21. Qxb4 Qc7 22. e5 Bf8 23. Qb2 b4 24. Nd1 Nc5 25. Nf2 Na4 26. Qb3 Bf5 27. Ne3 Bxb1 28. Qxb1 Nc3 29. Qb3 Nd7 30. Bd2 Nc5 31. Qc4 Ne6 32. Qxc7 Nxc7 33. Bxc3 bxc3 34. Ne4 Rec8 35. Rc1 Nb5 36. Kh2 Ba3 37. Rc2 Bb2 38. Nd6 Nxd6 39. exd6 Rd8 40. Nc4 Rb4 41. Bd5 Rb5 42. Be4 Ba1 43. Kg2 Rc5 44. Bd3 Rd5 45. Be2 Kg7 46. Kf2 Kg8 47. Kg2 Kg7 48. Kf2 Re8 49. a4 Rd4 50. Bf1 Rc8 51. Ke3 Rd1 52. Bd3 Re8+ 53. Kd4 Re2 54. Kc5 Re8 55. Kd4 Re2 56. Kc5 Re8 57. Kd4 1/2-1/2

[Event "Wch U16"]
[Site "Kemer"]
[Date "2009.11.19"]
[Round "8"]
[White "Postolache, Viorel"]
[Black "Uzun, Sarp"]
[Result "1/2-1/2"]
[WhiteElo "2202"]
[BlackElo "1953"]
[PlyCount "158"]
[EventDate "2009.11.12"]
[EventType "swiss"]
[EventRounds "11"]
[EventCountry "TUR"]
[SourceTitle "EXT 2010"]
[Source "ChessBase"]
[SourceDate "2010.11.25"]
[SourceVersion "1"]
[SourceVersionDate "2010.11.25"]
[SourceQuality "1"]

1. e4 c5 2. Nf3 d6 3. d4 cxd4 4. Nxd4 Nf6 5. Nc3 a6 6. a4 e5 7. Nb3 b6 8. Bc4 Be6 9. Nd2 Be7 10. 0-0 0-0 11. Qe2 Qc7 12. Rd1 Nc6 13. Bxe6 fxe6 14. Qc4 Qd7 15. Nf3 b5 16. Qe2 b4 17. Nb1 Qe8 18. c3 Qg6 19. Re1 bxc3 20. bxc3 Nh5 21. Kh1 Na5 22. Nbd2 Rfc8 23. Qe3 Rc6 24. Ba3 Nf6 25. h3 Rac8 26. Bb4 Nc4 27. Nxc4 Rxc4 28. Nd2 R4c6 29. Rab1 Nd7 30. Nb3 Qf7 31. Qe2 d5 32. exd5 exd5 33. Nd4 Rf6 34. Bxe7 Qxe7 35. Nf3 h6 36. Kg1 e4 37. Nd4 Ne5 38. f3 Nc4 39. Qd1 e3 40. Rb4 Qc7 41. Qd3 Qe5 42. Rb7 Re8 43. Re2 Rf7 44. Nc6 Qe6 45. Rxf7 Kxf7 46. Nb4 Rd8 47. a5 Kg8 48. Qd4 Nxa5 49. Rxe3 Qd6 50. Re5 Nc6 51. Qxd5+ Qxd5 52. Rxd5 Rxd5 53. Nxd5 a5 54. Nb6 Kf7 55. Kf2 Ke6 56. Ke3 Kd6 57. Nc4+ Kc5 58. Kd3 a4 59. h4 g6 60. f4 h5 61. g3 Ne7 62. Ne5 Nf5 63. Nxg6 Nxg3 64. Ne7 Kd6 65. Ng6 Kc5 66. Nf8 a3 67. Kc2 Kc4 68. Nd7 Nf5 69. Ne5+ Kd5 70. Ng6 Kc4 71. Ne5+ Kd5 72. c4+ Kc5 73. Kc3 Nxh4 74. Nd3+ Kc6 75. Kb3 Nf5 76. Kxa3 h4 77. Nf2 Kc5 78. Kb3 Nd4+ 79. Kc3 Ne2+ 1/2-1/2

[Event "Wch U16"]
[Site "Kemer"]
[Date "2009.11.13"]
[Round "2"]
[White "Baghdasaryan, Vahe"]
[Black "Uzun, Sarp"]
[Result "1-0"]
[WhiteElo "2294"]
[BlackElo "1953"]
[PlyCount "38"]
[EventDate "2009.11.12"]
[EventType "swiss"]
[EventRounds "11"]
[EventCountry "TUR"]
[SourceTitle "EXT 2010"]
[Source "ChessBase"]
[SourceDate "2010.11.25"]
[SourceVersion "1"]
[SourceVersionDate "2010.11.25"]
[SourceQuality "1"]

1. e4 c5 2. Nf3 d6 3. d4 cxd4 4. Nxd4 Nf6 5. Nc3 a6 6. Bg5 e6 7. f4 Qc7 8. Qf3 b5 9. 0-0-0 b4 10. Nce2 Nbd7 11. g4 Bb7 12. Ng3 d5 13. Bxf6 dxe4 14. Qb3 Nc5 15. Qe3 gxf6 16. Bg2 Nd3+ 17. Kb1 Qxf4 18. Rxd3 Qxe3 19. Rxe3 Bc5 1-0

[Event "World ol U16 07th"]
[Site "Mersin"]
[Date "2008.08.17"]
[Round "1"]
[White "Safarli, Eltaj"]
[Black "Uzun, Sarp"]
[Result "1-0"]
[WhiteElo "2527"]
[BlackElo "1988"]
[PlyCount "73"]
[EventDate "2008.08.17"]
[EventType "team-swiss"]
[EventRounds "10"]
[EventCountry "TUR"]
[SourceTitle "CBM 126 Extra"]
[Source "ChessBase"]
[SourceDate "2008.11.05"]
[SourceVersion "1"]
[SourceVersionDate "2008.11.05"]
[SourceQuality "1"]

1. e4 c5 2. Nf3 d6 3. Nc3 Nf6 4. d4 cxd4 5. Nxd4 a6 6. g3 e5 7. Nde2 Be6 8. Bg2 Be7 9. 0-0 0-0 10. h3 Qc7 11. g4 Nc6 12. Ng3 Rfd8 13. Nf5 Rac8 14. g5 Ne8 15. Ne3 b5 16. Ncd5 Qb8 17. Nf5 Bf8 18. Be3 Bxd5 19. exd5 Ne7 20. Ng3 Qc7 21. c3 Rb8 22. Rc1 Qd7 23. h4 Ng6 24. Be4 Nf4 25. Qf3 g6 26. Bxf4 exf4 27. Ne2 Ng7 28. Nxf4 Nf5 29. Ng2 Ne7 30. Ne3 h5 31. gxh6 Bxh6 32. h5 Kg7 33. Kg2 Rg8 34. Rh1 Bxe3 35. fxe3 Kf8 36. h6 Rh8 37. h7 1-0

[Event "EU-Cup 23rd"]
[Site "Kemer"]
[Date "2007.10.06"]
[Round "4.5"]
[White "Uzun, Sarp"]
[Black "Moen, Andreas"]
[Result "0-1"]
[WhiteElo "2005"]
[BlackElo "2287"]
[PlyCount "62"]
[EventDate "2007.10.03"]
[EventType "team-swiss"]
[EventRounds "7"]
[EventCountry "TUR"]
[SourceTitle "CBM 121"]
[Source "ChessBase"]
[SourceDate "2007.11.14"]
[SourceVersion "1"]
[SourceVersionDate "2007.11.14"]
[SourceQuality "1"]
[WhiteTeam "Tarsus Zeka"]
[BlackTeam "Oslo"]
[WhiteTeamCountry "TUR"]
[BlackTeamCountry "NOR"]

1. e4 d5 2. exd5 Nf6 3. Bb5+ Bd7 4. Bc4 Bg4 5. f3 Bc8 6. Nc3 a6 7. Nge2 b5 8. Bb3 Nbd7 9. d4 Nb6 10. 0-0 Nfxd5 11. Nxd5 Nxd5 12. Nf4 Bb7 13. Re1 e6 14. Kh1 Be7 15. c3 0-0 16. Qd3 Bd6 17. Nh3 Qh4 18. Bg5 Qh5 19. Bc2 f6 20. Bd2 Rad8 21. a4 bxa4 22. Bxa4 Kh8 23. Bd1 e5 24. f4 Qh4 25. fxe5 fxe5 26. Bf3 Nb4 27. cxb4 Rxf3 28. gxf3 Qxh3 29. d5 e4 30. Qe2 exf3 31. Qf2 Bxd5 0-1

[Event "San Agustin op 12th"]
[Site "Aviles"]
[Date "2007.??.??"]
[Round "2"]
[White "Llaneza Vega, Marcos"]
[Black "Uzun, Sarp"]
[Result "1-0"]
[WhiteElo "2438"]
[BlackElo "2005"]
[PlyCount "129"]
[EventDate "2007.08.04"]
[EventType "swiss"]
[EventRounds "9"]
[EventCountry "ESP"]
[SourceTitle "CBM 119 Extra"]
[Source "ChessBase"]
[SourceDate "2007.09.04"]
[SourceVersion "1"]
[SourceVersionDate "2007.09.04"]
[SourceQuality "1"]

1. e4 c5 2. Nc3 Nc6 3. Bb5 g6 4. Nf3 Bg7 5. 0-0 d6 6. d3 Nf6 7. e5 dxe5 8. Bxc6+ bxc6 9. Nxe5 Nd5 10. Qe2 Qc7 11. Re1 0-0 12. Na4 Qa5 13. b3 Qc7 14. Bd2 Bf5 15. Nxc5 Rfd8 16. c4 Nb6 17. Bc3 a5 18. a4 Nd7 19. Ncxd7 Rxd7 20. Nxd7 Bxc3 21. Nc5 Qd6 22. Ne4 Bxe4 23. dxe4 Bxa1 24. Rxa1 Rb8 25. Qc2 Qb4 26. Rb1 Rd8 27. Rd1 Rb8 28. f3 Qxb3 29. Rd8+ Kg7 30. Qxb3 Rxb3 31. Ra8 Rb4 32. Rxa5 Rxc4 33. Ra7 Kf6 34. Kf2 Rd4 35. Ke3 c5 36. g3 e6 37. Ra8 h5 38. f4 g5 39. Ra7 gxf4+ 40. gxf4 Kg6 41. Ra8 Kf6 42. a5 Kg7 43. Rc8 Ra4 44. Rxc5 Kg6 45. Rg5+ Kh6 46. h4 f6 47. Rb5 Kg6 48. Kd3 f5 49. exf5+ exf5 50. Ke3 Re4+ 51. Kf3 Ra4 52. Rb6+ Kg7 53. a6 Ra3+ 54. Ke2 Ra4 55. Rb7+ Kf6 56. a7 Ke6 57. Kd3 Kd5 58. Kc3 Ra1 59. Kb2 Ra6 60. Kb3 Ke4 61. Kb4 Kf3 62. Kb5 Rxa7 63. Rxa7 Kxf4 64. Rg7 Ke3 65. Rg5 1-0

[Event "San Agustin op 12th"]
[Site "Aviles"]
[Date "2007.??.??"]
[Round "4"]
[White "Olay Valdes, Rodrigo"]
[Black "Uzun, Sarp"]
[Result "1-0"]
[WhiteElo "1816"]
[BlackElo "2005"]
[PlyCount "61"]
[EventDate "2007.08.04"]
[EventType "swiss"]
[EventRounds "9"]
[EventCountry "ESP"]
[SourceTitle "CBM 119 Extra"]
[Source "ChessBase"]
[SourceDate "2007.09.04"]
[SourceVersion "1"]
[SourceVersionDate "2007.09.04"]
[SourceQuality "1"]

1. e4 c5 2. Nf3 d6 3. d4 cxd4 4. Nxd4 Nf6 5. Nc3 a6 6. Bg5 e6 7. f4 Qc7 8. Qf3 b5 9. 0-0-0 b4 10. Nce2 Nbd7 11. g4 Bb7 12. Ng3 h6 13. Bxf6 Nxf6 14. g5 hxg5 15. fxg5 Nd7 16. g6 Ne5 17. gxf7+ Qxf7 18. Qb3 d5 19. Be2 Rh6 20. Rhf1 Qe7 21. exd5 Qg5+ 22. Kb1 Bxd5 23. Qa4+ Nd7 24. Nf3 Qf4 25. Nd4 Qg5 26. Ndf5 Rxh2 27. Rfe1 Rc8 28. Rxd5 exd5 29. Bxa6+ Kf7 30. Qxd7+ Kg8 31. Qxd5+ 1-0

[Event "San Agustin op 12th"]
[Site "Aviles"]
[Date "2007.??.??"]
[Round "5"]
[White "Uzun, Sarp"]
[Black "Aido Espina, Sergio"]
[Result "1-0"]
[WhiteElo "2005"]
[BlackElo "1662"]
[PlyCount "115"]
[EventDate "2007.08.04"]
[EventType "swiss"]
[EventRounds "9"]
[EventCountry "ESP"]
[SourceTitle "CBM 119 Extra"]
[Source "ChessBase"]
[SourceDate "2007.09.04"]
[SourceVersion "1"]
[SourceVersionDate "2007.09.04"]
[SourceQuality "1"]

1. e4 e5 2. Nf3 Nc6 3. c3 Nf6 4. d4 exd4 5. e5 Nd5 6. cxd4 Bb4+ 7. Bd2 Bxd2+ 8. Qxd2 0-0 9. Bc4 Nb6 10. Bb3 d6 11. Qf4 dxe5 12. dxe5 Qe7 13. 0-0 Be6 14. Bc2 Qb4 15. Qxb4 Nxb4 16. Be4 Bd5 17. Bxd5 N6xd5 18. a3 Nc6 19. g3 Rfe8 20. Re1 Nb6 21. Nbd2 Re7 22. Rac1 Rd8 23. Nb3 Rd3 24. Nfd2 a5 25. Rc2 Nd7 26. f4 f6 27. e6 f5 28. Kf1 Nf8 29. Nc5 Nd4 30. Nxd3 Nxc2 31. Re5 b6 32. Kf2 g6 33. Nc4 Nd4 34. Rd5 Nfxe6 35. Nde5 Kg7 36. Ke3 Nb3 37. Kd3 Nec5+ 38. Kc3 Kf6 39. Rd8 a4 40. Nc6 Ne4+ 41. Kb4 Re6 42. N4e5 Nbc5 43. Rf8+ Kg7 44. Rc8 Kh6 45. Nf7+ Kh5 46. Nce5 Nd6 47. Rh8 Nxf7 48. Nxf7 Re2 49. Rxh7+ Kg4 50. Ne5+ Rxe5 51. fxe5 Nd3+ 52. Kxa4 Nxe5 53. Rxc7 Nf3 54. Rh7 Ne5 55. Kb5 Kf3 56. Kxb6 Nc4+ 57. Kb5 Nxb2 58. a4 1-0

[Event "San Agustin op 12th"]
[Site "Aviles"]
[Date "2007.??.??"]
[Round "3"]
[White "Uzun, Sarp"]
[Black "Calleja Loma, David"]
[Result "1-0"]
[WhiteElo "2005"]
[BlackElo "1635"]
[PlyCount "105"]
[EventDate "2007.08.04"]
[EventType "swiss"]
[EventRounds "9"]
[EventCountry "ESP"]
[SourceTitle "CBM 119 Extra"]
[Source "ChessBase"]
[SourceDate "2007.09.04"]
[SourceVersion "1"]
[SourceVersionDate "2007.09.04"]
[SourceQuality "1"]

1. e4 c5 2. Nf3 Nc6 3. c3 Nf6 4. e5 Ng8 5. d4 cxd4 6. cxd4 d6 7. Bc4 dxe5 8. d5 e4 9. dxc6 Qxd1+ 10. Kxd1 exf3 11. Bb5 b6 12. c7+ Bd7 13. Ba6 Bc8 14. Bc4 fxg2 15. Re1 Bg4+ 16. Kc2 Bf5+ 17. Kb3 Be6 18. Bxe6 fxe6 19. Bf4 Nf6 20. Nc3 Nd5 21. Nxd5 exd5 22. Rad1 g1Q 23. Rxg1 e6 24. Be5 Rg8 25. f4 Kd7 26. f5 Bd6 27. Rge1 Bxe5 28. Rxe5 exf5 29. Rexd5+ Kxc7 30. Rd7+ Kc8 31. Rf7 a6 32. Kc4 Rb8 33. Rdd7 h6 34. Kd5 Rd8 35. Kc6 Rxd7 36. Rxd7 g5 37. Rh7 Kd8 38. Rh8+ Ke7 39. Rxb8 f4 40. Kxb6 f3 41. Rc8 Ke6 42. Kc5 Ke5 43. Re8+ Kf4 44. Kd4 Kg4 45. Ke3 h5 46. Rf8 Kh3 47. Rxf3+ Kxh2 48. Rf5 g4 49. Rxh5+ Kg3 50. b4 Kg2 51. Rg5 g3 52. a4 Kh2 53. Kf3 1-0

[Event "San Agustin op 12th"]
[Site "Aviles"]
[Date "2007.??.??"]
[Round "8"]
[White "Yuksel, Atilla Koksal"]
[Black "Uzun, Sarp"]
[Result "0-1"]
[WhiteElo "1848"]
[BlackElo "2005"]
[PlyCount "52"]
[EventDate "2007.08.04"]
[EventType "swiss"]
[EventRounds "9"]
[EventCountry "ESP"]
[SourceTitle "CBM 119 Extra"]
[Source "ChessBase"]
[SourceDate "2007.09.04"]
[SourceVersion "1"]
[SourceVersionDate "2007.09.04"]
[SourceQuality "1"]

1. e4 c5 2. Nf3 d6 3. d4 cxd4 4. Nxd4 Nf6 5. Nc3 a6 6. g3 e5 7. Nde2 Be6 8. Bg2 Be7 9. 0-0 0-0 10. h3 Nbd7 11. Be3 Rc8 12. Kh2 Qc7 13. a4 b5 14. axb5 axb5 15. Ra7 Qc6 16. f4 b4 17. Nd5 Bxd5 18. exd5 Qxc2 19. Qe1 Qxb2 20. fxe5 dxe5 21. Rxf6 Nxf6 22. Rxe7 Rc2 23. Bf1 Nxd5 24. Bc1 Rxc1 25. Qxc1 Qxc1 26. Nxc1 Nxe7 0-1